Scooby-Doo Where Are You? Theme Song Lyrics - Statistics

General Stats
  • This quiz has been taken 480 times
  • The average score is 8 of 17
Answer Stats
Lyrics % Correct
Scooby Dooby Doo, {where} {are} {you}?
99%
We got some {work} {to} {do} {now}
71%
We need some {help} {from} {you} {now}
62%
Come on Scooby Doo, {I} {see} {you}
58%
You're gonna have yourself a {Scooby} {Snack}
57%
That's a {fact}!
56%
The way you {shake} {and} {shiver}
53%
You know we got a {mystery} {to} {solve}
49%
But you're not {fooling} {me}, 'cause I can see
46%
You're ready and you're {willing}
45%
If we can {count} {on} {you}, Scooby Doo
42%
Don't {hold} {back}!
41%
I know we'll catch {that} {villain}.
40%
Pretending you got {a} {sliver}
36%
And, Scooby Doo, if you {come} {through}
32%
So, Scooby Doo, be ready {for} {your} {act}
31%
Scooby Dooby Doo, {here} {are} {you}
20%
No matching quizzes found
Score Distribution
Percent of People with Each Score
Percentile by Number Answered
Your Score History
You have not taken this quiz